Представление документа в формате MARC21

ПолеНазваниеЗначение
  Тип записи a
  Библиографический уровень m
001 Контрольный номер BIBLIOCLUB\0000684879
005 Дата корректировки 20230117110128.1
006 m o d
007 Элементы данных для физической характеристики c|||||||||||||
008 Кодируемые данные s2017 rus o rus d
020 Индекс ISBN __
a ISBN 978-5-238-02194-2
041 Код языка издания 0_
a Код языка текста rus
084 Индекс другой классификации/Индекс ББК __
a Индекс другой классификации/Индекс ББК 65.291.216-432я73
b Номер единицы LBC/PL
2 Источник индекса rubbk
084 Индекс другой классификации/Индекс ББК __
a Индекс другой классификации/Индекс ББК 65.291.34я73
b Номер единицы LBC/PL
2 Источник индекса rubbk
245 Заглавие 10
a Заглавие Маркетинг PR и рекламы
b Продолж. заглавия учебник
c Ответственность И. М. Синяева, В. М. Маслова, О. Н. Романенкова, В. В. Синяев
c Ответственность под ред. И. М. Синяева
260 Выходные данные __
a Место издания Москва
b Издательство Юнити-Дана
c Дата издания 2017
300 Физическое описание __
a Объем 496 с.
b Иллюстрации/ тип воспроизводства табл., ил., схемы
504 Библиография __
a Библиография Библиогр. в кн
653 Ключевые слова 1_
a Ключевые слова Учебник для высшей школы
700 Другие авторы _1
a Другие авторы Маслова В. М.
700 Другие авторы _1
a Другие авторы Романенкова О. Н.
700 Другие авторы _1
a Другие авторы Синяев В. В.
700 Другие авторы _1
a Другие авторы Синяева И. М.
702 _1
a Синяева
b И. М.
4 340
856 Электронный адрес документа 40
3 Область применения данных поля Университетская библиотека ONLINE
u URL https://biblioclub.ru/index.php?page=book&id=684879
952 Тип литературы __
c Вид литературы учебник